Bilecik Bilecik Bilecik Bilecik Bilecik

Pistonlu uçak motorları/ (Record no. 12756)

MARC details
000 -BAŞLIK
Sabit Uzunluktaki Kontrol Alanı 01172nam a22003617a 4500
001 - KONTROL NUMARASI
Control Dosyası 0012789
003 - KONTROL NUMARASI KİMLİĞİ
Kontrol Alanı KOHA_MİRAKIL
005 - EN SON İŞLEM TARİHİ ve ZAMANI
Kontrol Alanı 20260207001901.0
007 - FİZİKSEL TANIM SABİT ALAN - GENEL BİLGİ
Sabit uzunluklu kontrol alanı ta
008 - SABİT UZUNLUKTAKİ VERİ ÖGELERİ - GENEL BİLGİ
Sabit Alan 100811b2000 tu |||gr||||#||||0|tur |
020 ## - ISBN - ULUSLARARASI STANDART KİTAP NUMARASI
Isbn 975492998X
040 ## - KATALOGLAMA KAYNAĞI
Özgün Kataloglama Kurumu TR-BiSEU
Kataloglama Dili tur
Çeviri Kurumu TR-BiSEU
Açıklama Kuralları rda
041 0# - DİL KODU
Metin ya da ses kaydının dil kodu tur
044 ## - YAYINLAYAN/ÜRETEN KURULUŞUN ÜLKE KODU
ISO country code tu
050 ## - SINIFLAMA ve YER NUMARASI
Sınıflama Numarası TL702
Yer Numarası .T36 2000
100 1# - KİŞİ ADI
Yazar Adı (Kişi adı) Tanatmış, A. Akile.
245 1# - ESER ADI BİLDİRİMİ
Başlık Pistonlu uçak motorları/
Sorumluluk Bildirimi A. Akile Tanatmış ; A. Akile Tanatmış, Serdar Dalkılıç.
264 #1 - ÜRERİM, YAYIN, DAĞITIM ve TELİF BİLDİRİMİ
Yayın yeri Eskişehir :
Yayınlayan Anadolu Üniversitesi
Yayın tarihi 2000
300 ## - FİZİKSEL TANIMLAMA
Sayfa, Cilt vb. X, 143 sayfa; 24 cm.
336 ## - İÇERİK TÜRÜ
Content type term metin
Content type code txt
Source rdacontent
337 ## - MEDYA TÜRÜ
Media type term aracısız
Media type code n
Source rdamedia
338 ## - TAŞIYICI TÜRÜ
Carrier type term cilt
Carrier type code nc
Source rdacarrier
490 1# - DİZİ BİLDİRİMİ
Dizi Bildirimi T.C.
490 1# - DİZİ BİLDİRİMİ
Dizi Bildirimi Anadolu Üniversitesi Yayınları ;
Cilt Numarası No:1248.
490 1# - DİZİ BİLDİRİMİ
Dizi Bildirimi Sivil Havacılık Yüksekokulu Yayınları ;
Cilt Numarası No:11.
500 ## - GENEL NOT
Genel Not Kaynakça var.
650 #0 - KONU BAŞLIĞI EK GİRİŞ - KONU TERİMİ
Konusal terim veya coğrafi ad Airplanes--Motors.
9 (RLIN) 30710
650 #0 - KONU BAŞLIĞI EK GİRİŞ - KONU TERİMİ
Konusal terim veya coğrafi ad Uçaklar--Motorlar.
9 (RLIN) 30711
830 1# - SERİ EK GİRİŞİ - TEKBİÇİM ESER ADI
Tekbiçim Başlık T.C.
9 (RLIN) 6297
830 1# - SERİ EK GİRİŞİ - TEKBİÇİM ESER ADI
Tekbiçim Başlık Anadolu Üniversitesi Yayınları ;
Volume number/sequential designation No:1248.
9 (RLIN) 16074
830 1# - SERİ EK GİRİŞİ - TEKBİÇİM ESER ADI
Tekbiçim Başlık Sivil Havacılık Yüksekokulu Yayınları ;
Volume number/sequential designation No:11.
9 (RLIN) 30712
942 ## - EK GİRİŞ ÖGELERİ (KOHA)
Source of classification or shelving scheme Library of Congress Classification
Koha item type Book
Holdings
Materyal Türü Kalıcı Konum Mevcut Konum Raf Yeri Sınıflandırma Kaynağı Edinim Bilgisi Ana Konular Alt Konular Yer Numarası Demirbaş Numarası Fatura Tarihi Geri Çekilme Durumu Kayıp Durumu Hasarlı Durumu Kredi için değil Kayıt Tarih Toplam Ödünçverme Son Görülme Tarihi Son Kontrol Tarihi Genel / Bağış Notu
Book BŞEÜ Gölpazarı MYO Kütüphanesi BŞEÜ Gölpazarı MYO Kütüphanesi   Library of Congress Classification Bağış TEKNOLOJİ Motorlu Araçlar, Havacılık, Uzay TL702 .T36 2000 0018591 02/02/2026         02/07/2010   26/05/2025 26/05/2025 Genel Bağış
Book BŞEÜ Pazaryeri MYO Kütüphanesi BŞEÜ Pazaryeri MYO Kütüphanesi   Library of Congress Classification Bağış TEKNOLOJİ Motorlu Araçlar, Havacılık, Uzay TL702 .T36 2000 0020575 02/02/2026         11/08/2010   26/05/2025 26/05/2025 Genel Bağış
Book Prof. Dr. Azmi Özcan Kütüphanesi Prof. Dr. Azmi Özcan Kütüphanesi Birûni Salonu Library of Congress Classification Bağış TEKNOLOJİ Motorlu Araçlar, Havacılık, Uzay TL702 .T36 2000 0012789 02/02/2026         08/02/2010   26/05/2025 26/05/2025 Genel Bağış
Book Prof. Dr. Azmi Özcan Kütüphanesi Prof. Dr. Azmi Özcan Kütüphanesi Birûni Salonu Library of Congress Classification Bağış TEKNOLOJİ Motorlu Araçlar, Havacılık, Uzay TL702 .T36 2000 0017917 13/08/2010         10/06/2010 5 26/05/2025 26/05/2025 Genel Bağış